000 00806nam a2200289 a 4500
003 AR-BaBNM
005 20251128203051.0
008 082120s2002 ||||||||||||||000 | spa||
040 _cAR-BaBNM
100 1 _aMorbelli, Lilia
245 0 0 _aLa literatura infantil en la enseñanza preescolar y primaria
260 _aBuenos Aires
_bLerú
_c1964
300 _a142 p.
504 _aContiene bibliografía en p. 141-142
650 4 _aCUENTO [FORMA Y GENERO LITERARIO]
650 4 _aLITERATURA INFANTIL
650 4 _aREDACCION
650 4 _aPOESIA
650 4 _aDESARROLLO DEL NIÑO
650 4 _aPSICOLOGIA DEL NIÑO
653 _aENSEÑANZA DE LA LITERATURA
653 _aEXPRESION ESCRITA
653 _aEDUCACION PRIMARIA
653 _aEDUCACION INICIAL
942 _cBK
998 _claura
999 _c1735
_d1735